000
00323nam a2200145Ia 4500
005
20250423101236.0
008
250422s9999 xx 000 0 und d
020
_a
0- 553- 57525- 2
100
_a
Jane Feather
245
4
_a
The Emerald swan
260
_b
Bantam books
260
_c
1998
300
_a
419 p
942
_c
BK
999
_c
35718
_d
35718